Calciatori con almeno 1000 presenze in carriera - Statistics

Statistiche generali
  • Questo quiz è stato fatto 399 volte
    126 dall'ultimo reset
  • Il punteggio medio è 9 su 34
Statistiche sulle risposte
Presenze Nazione Periodo Presenze per squadra Risposta % Corretto
1317 Portogallo 2002- Sporting Lisbona B 2, Sporting Lisbona 31, Manchester United 346, Real Madrid 438, Juventus 134, Al-Nassr 111, Portogallo 221, Portogallo Olimpico 3, Portogallo Under-21 10, Portogallo Under-20 5, Portogallo Under-17 7, Portogallo Under-15 9 Cristiano Ronaldo
96%
1163 Argentina 2003- Barcellona C 10, Barcellona B 22, Barcellona 778, Paris-Saint Germain 75, Inter Miami 62, Argentina 191, Argentina Olimpica 5, Argentina Under-20 18 Lionel Messi
90%
1163 Italia 1995-2023 Parma 265, Juventus 685, Paris-Saint Germain 25, Italia Under-23 4, Italia Under-21 11, Italia Under-18 3, Italia Under-17 3, Italia Under-16 3 Gianluigi Buffon
82%
1041 Italia 1984-2009 Milan 902, Italia 126, Italia Olimpica 1, Italia Under-21 12 Paolo Maldini
66%
1032 Spagna 2000-2024 Barcellona B 54, Barcellona 674, Vissel Kōbe 134, Spagna 131, Spagna Under-21 18, Spagna Under-20 7, Spagna Under-19 7, Spagna Under-17 4, Spagna Under-16 7, Spagna Under-15 2 Andrés Iniesta
64%
1114 Argentina 1992-2014 Talleres 33, Banfield 66, Inter 858, Argentina 145, Argentina Under-23 12 Javier Zanetti
63%
1135 Spagna 1997-2019 Barcellona B 61, Barcellona 767, Al-Sadd 117, Spagna 133, Spagna Olimpica 6, Spagna Under-21 25, Spagna Under-20 10, Spagna Under-18 10, Spagna Under-17 10 Xavi
62%
1119 Spagna 1998-2020 Real Madrid C 26, Real Madrid B 4, Real Madrid 725, Porto 156, Spagna 167, Spagna Under-21 5, Spagna Under-20 2, Spagna Under-18 4, Spagna Under-17 10, Spagna Under-16 19, Spagna Under-15 1 Iker Casillas
56%
1076 Brasile 2002-2023 Bahia 54, Siviglia 250, Barcellona 408, Juventus 33, Paris-Saint Germain 73, San Paolo 95, Pumas UNAM 13, Brasile 126, Brasile Olimpico 7, Brasile Under-20 17 Dani Alves
47%
1036 Galles 1990-2014 Manchester United 963, Galles 64, Regno Unito Olimpico 4, Galles Under-21 1, Galles Under-18 3, Galles Under-16 1 Ryan Giggs
42%
1138 Brasile 1991-2012 União São João 67, Palmeiras 162, Inter 34, Real Madrid 527, Fenerbahçe 104, Corinthians 61, Anži 28, Delhi Dynamos 3, Brasile 125, Brasile Olimpico 22, Brasile Under-20 5 Roberto Carlos
36%
1016 Paesi Bassi 1992-2013 Ajax 90, Sampdoria 34, Real Madrid 159, Inter 92, Milan 432, Botafogo 81, Paesi Bassi 87, Paesi Bassi Under-21 1, Paesi Bassi Under-19 21, Paesi Bassi Under-17 12, Paesi Bassi Under-16 6, Paesi Bassi Under-15 1 Clarence Seedorf
35%
1044 Inghilterra 1995-2016 Swansea City 9, West Ham 187, Chelsea 648, Manchester City 38, New York City 31, Inghilterra 106, Inghilterra B 1, Inghilterra Under-21 19, Inghilterra Under-18 5 Franck Lampard
34%
1002 Giappone 1985- XV de Novembro Jaú 26, Santos 26, SE Matsubara 5, Coritiba 44, Verdy Kawasaki 253, Genoa 23, Croazia Zagabria 12, Kyoto Sanga 51, Vissel Kōbe 127, Yokohama FC 298, Sydney FC 6, Atletico Suzuka 30, U.D. Oliveirense 9, Giappone 92 Kazuyoshi Miura
29%
1225 Brasile 1990-2015 Sinop 12, San Paolo 1197, Brasile 16 Rogério Ceni
22%
1037 Portogallo 2003- Sporting Lisbona B 30, Sporting Lisbona 259, Porto 140, Monaco 219, Wolwerhampton 212, Portogallo 146, Sporting Braga 80, Portogallo Under-21 17, Portogallo Under-19 4, Portogallo-Under 18 5, Portogallo Under-17 15 João Moutinho
18%
1064 Spagna 1994-2015 Real Madrid C 9, Real Madrid B 1, Real Madrid 741, Schalke 04 98, Al-Sadd 61, New York Cosmos 32, Spagna 102, Spagna Olimpica 4, Spagna Under-21 9, Spagna Under-10 5, Spagna Under-18 2 Raúl González Blanco
13%
1390 Inghilterra 1966-1997 Leicester City 340, Stoke City 121, Nottingham Forest 272, Southampton 242, Derby County 211, Plymouth Argyle 43, Bolton 2, Leyton Orient 9, Inghilterra 125, Inghilterra Under-23 13, Inghilterra Under-12 9 Peter Shilton
12%
1384 Brasile 1997- União Bandeirante 30, Atlético Paranaense 16, Vasco da Gama 150, Cruzeiro 955, Fluminense 219, Brasile 5, Brasile Under-20 5, Brasile Under-17 6, Brasile olimpica 3 Fábio
9%
1046 Inghilterra 1982-2004 Peterborough United 106, Birmingham City 84, QPR 175, Arsenal 564, Manchester City 26, Inghilterra 75, Inghilterra B 6, Inghilterra Under-21 10 David Seaman
6%
1020 Spagna 1980-1998 Athletic Bilbao B 7, Athletic Bilbao 239, Barcellona 410, Valencia 184, Spagna 126, Spagna Olimpica 1, Spagna Under-23 23, Spagna Under-21 17, Spagna Under-19 1, Spagna Under-18 12 Andoni Zubizarreta
5%
1053 Inghilterra 1960-1984 Ashton United 7, Blackpool 126, Everton 251, Arsenal 217, Hellenic 4, Southampton 161, Phipadelphia Fury 33, Vancouver Whitecaps 31, Blackpool 38, Southampton 73, Floreat Athena 3, Eastern 12, Bristol 17, Inghilterra 72, Inghilterra Under-23 8 James Alan Ball
4%
1066 Brasile 1947-1970 Portuguesa 434, Palmeiras 502, Altético Paranaense 32, Brasile 98 Djalma Santos
3%
1089 Irlanda del Nord 1963-1986 Watford 52, Tottenham 590, Arsenal 327, Irlanda del Nord 119, Irlanda del Nord Under-23 1 Pat Jennings
2%
1126 Giappone 1998-2023 Yokohama Flügels 20, Kyoto Purple Sanga 64, Gamba Osaka 790, Júbilo Iwata 106, Giappone 152, Giappone Under-23 7, Giappone Under-20 11 Yasuhito Endō
2%
1023 Inghilterra 1989-2014 Watford 98, Liverpool 277, Aston Villa 85. West Ham Utd 102, Manchester City 100, Portsmouth 158, Bristol City 84, Bournemouth 19, IBV 23, Kerala Blasters 12, Inghilterra 53, Inghilterra B 2, Inghilterra Under-21 10 David James
1%
1095 Brasile 1991-2020 Paraguaçuense 29, Santos 13, Rio Branco-SP 78, San Paolo 201, Olympique Marsiglia 21, Grêmio 23, Hertha Berlino 193, Trabzonspor 22, Wolfsburg 57, Flamengo 25, Coritiba 50, Sport Recife 92, Grêmio Barueri 19, Boa Esporte 45, Fortaleza 44, Joinville 30, Oeste 13, Inter de Lages 26, Ypiranga de Erechim 4, Portuguesa 26, Perilima 24, Treze 54, Brasile 6 Marcelinho Paraiba
1%
1110 Inghilterra 1965-1988 Scunthorpe United 50, Liverpool 665, Tottenham 330, Inghilterra 61, Inghilterra Under-23 4 Ray Clemence
1%
1019 Belgio 1994-2018 KFC Diest 88, KFC Lommel 71, PSV 218, Norimberga 110, Club Bruges 438, Belgio 94 Timmy Simons
1%
1075 Scozia 1965-1994 Alloa Atheltic 84, Blackpool 165, Coventry City 355, Seattle Sounders 25, Manchester City 60, Bulova 22, Burnley 178, Swansea City 178, Merthyr Tydfil 76, Scozia 17, Scozia Under-23 1 Tommy Hutchison
1%
1082 Inghilterra 1975-2001 Grimsby Town 490, Sunderland 9, Stoke City 135, West Bromwich Albion 128, Bradford City 7, Scunthorpe 91, Mansfield Town 116, Rochdale 104, Inghilterra B 2 Tony Ford
1%
1025 Scozia 1991-2012 Scunthorpe United 202, Luton Town 183, Burnley 178, Preston North End 421, Scozia 40, Scozia B 1 Graham Alexander
0%
1002 Inghilterra 1960-1982 Liverpool 857, Fort Lauderdale Strikers 20, Swansea City 91, Canberra City 9, Cork United 2, Crewe Alexandra 15, Inghilterra 4, Inghilterra Under-23 4 Ian Callaghan
0%
1024 Irlanda del Nord 1989-2011 Linfield 1013, Irlanda del Nord Under-23 1, Irlanda del Nord Under-21 2, Irlanda del Nord Under-17 1, Irlanda del Nord Under-16 7 Noel Bailie
0%
Nessun quiz corrispondente trovato
Distribuzione punteggi
Percentuale di utenti per punteggio
Percentile per numero di risposta
I tuoi punteggi nel tempo
Non hai fatto questo quiz dall'ultimo reset